Statistics for Српски филмови предложени за номинацију за Оскара

Click here to take the quiz!

General Stats

  • This quiz has been taken 151 times
    (13 since last reset)
  • The average score is 6 of 30

Answer Stats

ГодинаФилм% Correct
2020Дара из Јасеновца
85%
1996Лепа села лепо горе
62%
1995Подземље
62%
2000Небеска удица
54%
2011Монтевидео, Бог те видео
38%
1994Вуковар, једна прича
31%
2007Клопка
31%
2003Професионалац
31%
2008Турнеја
31%
2022Мрак
23%
2014Монтевидео, видимо се!
23%
2023Што се боре мисли моје
23%
2013Кругови
15%
2001Рат уживо
15%
2009Свети Георгије убива аждаху
8%
2021Оаза
8%
2016Дневник машиновође
8%
1999Бело одело
8%
2015Енклава
8%
2004Јесен стиже, Дуњо моја
8%
2010Беса
8%
2012Кад сване дан
0%
2005Сан зимске ноћи
0%
2002Лавиринт
0%
2017Реквијем за госпођу Ј.
0%
2018Изгредници
0%
2019Краљ Петар Први
0%
1998Буре барута
0%
1997Три летња дана
0%
2006Сутра ујутру
0%

Score Distribution

Percentile by Number Answered

Percent of People with Each Score

Your Score History

You have not taken this quiz since the last reset